Datum a čas kvízu
22.5
Celkem bodů
Celkový počet nahraných bodů na tomto kvízu bez doplňovacích otázek.
4.
Pořadí na kvízu
Konečné umístění týmu na tomto kvízu.
Zaznamenané odpovědi
| # | Otázka | Odpověď | Body | Výsledky |
|---|---|---|---|---|
| 1. | Ve Všetatech na Mělnicku byl v... | Jan Palach | 0 | |
| 2. | Nobelovu cenu míru získal muž... | Etiopie, premiér | 1 | |
| 3. | Hudební svět přišel o další le... | Cream | 0 | |
| 4. | Společnost Adobe minulý týden... | Venezuela | 0 | |
| 5. | Kvalifikační zápas na fotbalov... | na stadion mohly ženy | 1 | |
| 6. | Téma o Brazílii zvítězilo ve f... | USA, Čína | 0 | |
| 7. | Pokud bychom chtěli v říjnu 20... | v Curychu | 0 | |
| 8. | Věříme, že většina z Vás bude... | Paulo Coelho, Jorge Amado | 0 | |
| 9. | Typické brazilské jídlo se jme... | fazole | 1 | |
| 10. | Co se týče slavných osobností,... | Adriana Lima | 1 |